000 00779nam a2200217Ii 4500
003 JO-AjNU
008 230605s9999||||xx |||||||||||||| ||und||
017 _a2004/3/688
040 _aJO-AjNU
_bara
_erda
_cJO-AjNU
041 _aara
050 1 4 _aKBP634.3.L67.S5842 2004
100 3 _aالشديفات، ابراهيم راشد محمد,
_eauthor
_941127
245 0 0 _aأحكام المفقود في الفقه الإسلامي والقوانين الأردنية : دراسة مقارنة
250 _aط1
264 3 1 _aالمفرق: المؤلف، 2004
300 _a212ص
336 _atext
_btxt
_2rdacontent
337 _aunmediated
_bn
_2rdamedia
338 _avolume
_bnc
_2rdacarrier
650 4 _aالفقه الاسلامي- المفقود- الاسلام
_941128
999 _aA17510
_c21078
_d21078